La Mort dins una baralla de naips / Manuel Veiga ; pròleg de Jaume Melendres
Descripción Física:
63 p. ; 18 cm
Colección:
Biblioteca teatral ; 91
Otros Autores:
Melendres, Jaume, 1941-2009
MARC
| LEADER | 00000nam a2200000Ia 4500 | ||
|---|---|---|---|
| 001 | 11452 | ||
| 008 | 160829s1996 xx 000 0 cat d | ||
| 080 | |a L-1-275 | ||
| 100 | |a Veiga, Manuel |9 35267 | ||
| 245 | |a La Mort dins una baralla de naips / Manuel Veiga ; pròleg de Jaume Melendres | ||
| 260 | |a Barcelona : |b Institut del Teatre. Diputació de Barcelona, |c 1996 | ||
| 300 | |a 63 p. ; |c 18 cm | ||
| 490 | |a Biblioteca teatral ; 91 | ||
| 590 | |a Premi Salvador Espriu 1995 | ||
| 700 | |a Melendres, Jaume, |d 1941-2009 |9 25255 | ||
| 710 | 1 | |a Institut del Teatre (Barcelona, Catalunya) |9 52662 | |
| 901 | |a Arxiu | ||
| 942 | |n 1 | ||
| 952 | |0 0 |1 0 |4 0 |6 L1275 |7 1 |9 46837 |a Arxiu |b Arxiu |d 2016-12-01 |l 0 |o L-1-275 |p 11452 |r 2016-12-01 00:00:00 |w 2016-12-01 |y ARXIU | ||
| 999 | |c 50630 |d 50630 | ||